Zahrada /
Hlavní hrdina se vrací do domu svých prarodičů. Trpí syndromem vyhoření, pocitem zklamání a frustrací ze svého života. Doufá, že právě zde najde cestu, jak dál naložit se svým životem.
Uloženo v:
| Hlavní autor: | |
|---|---|
| Médium: | E-kniha |
| Jazyk: | Czech |
| Vydáno: |
Brno :
Host,
2022
|
| Vydání: | První vydání |
| Témata: | |
| Tagy: |
Žádné tagy |
| LEADER | 02221nam a2200385 i 4500 | ||
|---|---|---|---|
| 001 | 311687 | ||
| 003 | CZ PrSKC | ||
| 005 | 20260601215710.0 | ||
| 007 | ta | ||
| 008 | 221011s2022 xr g 000 f cze | ||
| 015 | |a cnb003462802 | ||
| 020 | |a 9788027513482 |q (vázáno) | ||
| 035 | |a (OCoLC)1357139360 | ||
| 040 | |a ABG001 |b cze |e rda | ||
| 072 | 7 | |a 821.162.3-3 |x Česká próza |2 Konspekt | |
| 080 | |a 821.162.3-31 |2 MRF | ||
| 080 | |a (0:82-311.4) |2 MRF | ||
| 100 | 1 | |a Dvořáková, Petra, |d 1977- |7 xx0044613 |4 aut | |
| 245 | 1 | 0 | |a Zahrada / |c Petra Dvořáková |
| 250 | |a První vydání | ||
| 264 | 1 | |a Brno : |b Host, |c 2022 | |
| 300 | |a 185 stran ; |c 20 cm | ||
| 336 | |a text |b txt |2 rdacontent | ||
| 337 | |a bez média |b n |2 rdamedia | ||
| 338 | |a svazek |b nc |2 rdacarrier | ||
| 520 | 2 | |a Hlavní hrdina se vrací do domu svých prarodičů. Trpí syndromem vyhoření, pocitem zklamání a frustrací ze svého života. Doufá, že právě zde najde cestu, jak dál naložit se svým životem. |b Stará neobývaná vila se zanedbanou zahradou. A jedna velká životní prohra. Pětatřicetiletý Jaroslav se vrací do domu svého dětství ve chvíli životního zlomu. Po zpackané církevní „kariéře“ hodlá začít znova, poprvé sám za sebe. Snad s trochou naděje, ale především s pocitem vyhoření a cizoty vůči všemu a všem. Jediným útočištěm se mu stává zanedbaná zahrada a práce v ní. V samotě mezi stromy, keři a květinami se pokouší vtisknout svému životu ještě nějaký smysl. Nakladatelská anotace. Kráceno. | |
| 655 | 7 | |a české romány |7 fd133974 |2 czenas | |
| 655 | 7 | |a společenské romány |7 fd760851 |2 czenas | |
| 655 | 9 | |a Czech fiction |2 eczenas | |
| 655 | 9 | |a social novels |2 eczenas | |
| 900 | |a ABA001 |b 19 | ||
| 044 | |a xr | ||
| 910 | |a RBIT002 | ||
| 998 | |d 361522 |a https://core.palmknihy.cz/api/books/361522/cover?rja97c |b https://core.palmknihy.cz/api/books/361522/cover/400?rja97c |c https://core.palmknihy.cz/api/books/361522/cover/50?rja97c |e 2029-12-31 |g 187 |i 9788027513482 |j https://core.palmknihy.cz/api/books/361522/preview.epub |k https://core.palmknihy.cz/api/books/361522/preview.pdf |l |q 49 |r 1 |s https://www.palmknihy.cz/kniha/361522 |t ebook |y 2022 |z 0 | ||
| 999 | |d 311685 | ||